[Event "12. Open de la Constitución"]
[Site "S. Sebastian de los Reyes ESP"]
[Date "2010.11.30"]
[Round "1.1"]
[White "Balsinde Montemayor, Pablo"]
[Black "Roa Alonso, Santiago"]
[Result "0-1"]
[WhiteElo "1809"]
[BlackElo "2440"]
[PlyCount "98"]
[EventDate "2010.11.30"]
[EventType "swiss"]
[EventRounds "9"]
[EventCountry "ESP"]
[Source "lmi"]
[SourceDate "2010.11.30"]

1. d4 Nf6 2. Nf3 e6 3. Bg5 Be7 4. Nbd2 c5 5. e3 h6 6. Bxf6 gxf6 7. Bd3 cxd4 8.
exd4 d5 9. c3 Nc6 10. O-O Bd7 11. b4 Bd6 12. Re1 Qc7 13. Qb3 Kf8 14. Rac1 Rc8
15. a3 Qb8 16. c4 dxc4 17. Nxc4 Bf4 18. Ne3 Kg7 19. g3 Bc7 20. d5 Ne5 21. Nxe5
Bxe5 22. Ng4 Rxc1 23. Rxc1 Rc8 24. Rxc8 Qxc8 25. Nxe5 Qc1+ 26. Kg2 fxe5 27. Qc4
Qxa3 28. Bc2 exd5 29. Qc7 Qb2 30. Qxd7 Qxc2 31. Qxd5 Qc6 32. Qxc6 bxc6 33. Kf3
Kf6 34. Ke4 Ke6 35. g4 c5 36. bxc5 a5 37. c6 a4 38. c7 Kd7 39. Kd3 Kxc7 40. Kc4
Kd6 41. f3 e4 42. fxe4 Ke5 43. Kb4 Kxe4 44. Kxa4 Kf4 45. g5 hxg5 46. Kb4 Kg4
47. Kc4 Kh3 48. Kd4 Kxh2 49. Ke4 g4 0-1

[Event "12. Open de la Constitución"]
[Site "S. Sebastian de los Reyes ESP"]
[Date "2010.11.30"]
[Round "1.2"]
[White "Hernando Pertierra, Jose Carlos"]
[Black "Nieto Esteban, Manuel"]
[Result "1-0"]
[WhiteElo "2394"]
[BlackElo "1790"]
[PlyCount "133"]
[EventDate "2010.11.30"]
[EventType "swiss"]
[EventRounds "9"]
[EventCountry "ESP"]
[Source "lmi"]
[SourceDate "2010.11.30"]

1. Nf3 d5 2. b3 Nf6 3. Bb2 g6 4. c4 c6 5. g3 Bg7 6. Bg2 O-O 7. O-O Nbd7 8. Qc2
Re8 9. Nc3 Nb6 10. cxd5 Nbxd5 11. Nxd5 cxd5 12. Rfc1 Bf5 13. Qc7 Qxc7 14. Rxc7
Rab8 15. Bd4 Ne4 16. Bxg7 Kxg7 17. Nd4 Nf6 18. Rac1 a6 19. b4 Kf8 20. a3 Rec8
21. h3 Rxc7 22. Rxc7 Ke8 23. g4 Kd8 24. Rc3 Bd7 25. d3 h6 26. f4 e6 27. e4 dxe4
28. dxe4 Rc8 29. Rxc8+ Kxc8 30. e5 Ne8 31. Nb3 Kc7 32. Kf2 Bc6 33. Bf1 Kb6 34.
Nd4 Bd5 35. h4 Nc7 36. Bd3 Nb5 37. Nxb5 axb5 38. f5 g5 39. f6 Bc6 40. hxg5 hxg5
41. Ke3 Kc7 42. Kd4 Kb6 43. Be2 Bd7 44. Bd1 Bc6 45. Bb3 Bd7 46. Bc2 Bc6 47. Bd1
Be8 48. Bb3 Bd7 49. Ba2 Bc8 50. Bb1 Bd7 51. Bh7 Bc6 52. Kc3 Bd7 53. Kb3 Kc6 54.
Be4+ Kb6 55. Kb2 Be8 56. Bc2 Kc6 57. Bb3 Kb6 58. Bd1 Kc6 59. a4 Kb6 60. a5+ Kc7
61. Kc3 Bc6 62. Bc2 Bf3 63. Bg6 Bxg4 64. Bxf7 Kd7 65. Kd4 Bf3 66. Bg6 g4 67.
Be4 1-0

[Event "12. Open de la Constitución"]
[Site "S. Sebastian de los Reyes ESP"]
[Date "2010.11.30"]
[Round "1.3"]
[White "Orellana Illescas, Julio"]
[Black "Longa Yauca, Javier"]
[Result "0-1"]
[WhiteElo "1787"]
[BlackElo "2345"]
[PlyCount "82"]
[EventDate "2010.11.30"]
[EventType "swiss"]
[EventRounds "9"]
[EventCountry "ESP"]
[Source "lmi"]
[SourceDate "2010.11.30"]

1. e4 e5 2. f4 exf4 3. Nf3 d5 4. Nc3 dxe4 5. Nxe4 Bf5 6. Neg5 Be7 7. h4 Nf6 8.
Bc4 O-O 9. d4 Nd5 10. Bd3 Qc8 11. Kf2 c5 12. Re1 Nc6 13. c4 Ne3 14. Bxe3 fxe3+
15. Rxe3 cxd4 16. Nxd4 Bxg5 17. Nxf5 Bxe3+ 18. Nxe3 Ne5 19. Bxh7+ Kxh7 20. Qh5+
Kg8 21. Qxe5 Re8 22. Qc3 Qc5 23. Rd1 Qh5 24. Rd4 Re6 25. Rg4 f6 26. Qd4 Rae8
27. Nd5 Kh8 28. Nc3 Qf5+ 29. Kg3 Re3+ 30. Kh2 Rd3 31. Qf4 Qxf4+ 32. Rxf4 Rd2
33. Na4 Ree2 34. Rg4 f5 35. Rg5 Re4 36. Rxf5 Rxh4+ 37. Kg3 Rxc4 38. b3 Rcc2 39.
Ra5 Rxg2+ 40. Kf3 Rg6 41. Rxa7 b5 0-1

[Event "12. Open de la Constitución"]
[Site "S. Sebastian de los Reyes ESP"]
[Date "2010.11.30"]
[Round "1.4"]
[White "Ortega Ruiz, Jose Miguel"]
[Black "Perez Alvarez, Javier"]
[Result "1-0"]
[WhiteElo "2260"]
[BlackElo "1776"]
[PlyCount "89"]
[EventDate "2010.11.30"]
[EventType "swiss"]
[EventRounds "9"]
[EventCountry "ESP"]
[Source "lmi"]
[SourceDate "2010.11.30"]

1. e4 e6 2. d3 d5 3. Nd2 Nf6 4. Ngf3 c5 5. g3 Nc6 6. Bg2 Be7 7. O-O O-O 8. Re1
b5 9. e5 Nd7 10. Nf1 a5 11. h4 Ba6 12. h5 h6 13. N1h2 Qc7 14. Bf4 b4 15. Ng4
Nd4 16. Nxd4 cxd4 17. Qc1 Rfc8 18. Re2 Qd8 19. Qd2 Bg5 20. Nh2 Rc7 21. Nf3 Be7
22. Nxd4 Bc5 23. Nf3 Rac8 24. g4 Nb6 25. b3 d4 26. g5 hxg5 27. Bxg5 Be7 28.
Bxe7 Qxe7 29. Nxd4 Qc5 30. Qe3 Rd8 31. Nf3 Qxe3 32. fxe3 Rdc8 33. Nd4 Nd7 34.
a3 Bb7 35. axb4 Bxg2 36. Rxg2 axb4 37. Ra2 Rb7 38. Ra5 Kh7 39. Kf1 Nb8 40. Ra8
Rcc7 41. Nf3 f6 42. exf6 gxf6 43. Ke1 Rc5 44. h6 Rh5 45. Rg7+ 1-0

[Event "12. Open de la Constitución"]
[Site "S. Sebastian de los Reyes ESP"]
[Date "2010.11.30"]
[Round "1.5"]
[White "Aragon Gutierrez, Alejandro"]
[Black "Semprun Martinez, Fernando"]
[Result "0-1"]
[WhiteElo "1745"]
[BlackElo "2216"]
[PlyCount "60"]
[EventDate "2010.11.30"]
[EventType "swiss"]
[EventRounds "9"]
[EventCountry "ESP"]
[Source "lmi"]
[SourceDate "2010.11.30"]

1. d4 Nf6 2. Nf3 c5 3. d5 e6 4. c4 exd5 5. cxd5 d6 6. Nc3 g6 7. g3 Bg7 8. Bg2
O-O 9. O-O Re8 10. h3 Ne4 11. Nxe4 Rxe4 12. Nd2 Re8 13. a4 b6 14. Nc4 Ba6 15.
Qc2 Qe7 16. Re1 Nd7 17. Rb1 f5 18. Bf4 Ne5 19. b3 Rab8 20. e4 fxe4 21. Rxe4
Bxc4 22. bxc4 Qd7 23. Rbe1 Nf7 24. Re6 Ne5 25. Bxe5 Bxe5 26. Rxe8+ Rxe8 27. Bf1
Rf8 28. f4 Bd4+ 29. Kg2 g5 30. fxg5 Rf2+ 0-1

[Event "12. Open de la Constitución"]
[Site "S. Sebastian de los Reyes ESP"]
[Date "2010.11.30"]
[Round "1.6"]
[White "Quevedo Marin, Manuel"]
[Black "Navarro Rodriguez, Jesus"]
[Result "1-0"]
[WhiteElo "2183"]
[BlackElo "1735"]
[PlyCount "61"]
[EventDate "2010.11.30"]
[EventType "swiss"]
[EventRounds "9"]
[EventCountry "ESP"]
[Source "lmi"]
[SourceDate "2010.11.30"]

1. d4 Nf6 2. c4 e6 3. Nc3 c5 4. d5 d6 5. e4 Be7 6. f4 exd5 7. cxd5 Bg4 8. Qa4+
Bd7 9. Qc2 O-O 10. Be2 Bg4 11. Nf3 Nbd7 12. O-O Nb6 13. a4 a5 14. Bd2 h6 15.
Rad1 Qc8 16. Be1 Nh5 17. Qb3 Qd8 18. Bd2 Nf6 19. h3 Bd7 20. Be3 Nh7 21. e5 f5
22. Qc2 Be8 23. Bd3 Bg6 24. g4 c4 25. Bxf5 Bxf5 26. gxf5 Nd7 27. f6 gxf6 28. e6
Nb6 29. Qf2 Ra6 30. Kh2 Kh8 31. Rg1 1-0

[Event "12. Open de la Constitución"]
[Site "S. Sebastian de los Reyes ESP"]
[Date "2010.11.30"]
[Round "1.7"]
[White "Martinez Miura, Enrique"]
[Black "Barez Menendez, Hector"]
[Result "0-1"]
[WhiteElo "1733"]
[BlackElo "2168"]
[PlyCount "64"]
[EventDate "2010.11.30"]
[EventType "swiss"]
[EventRounds "9"]
[EventCountry "ESP"]
[Source "lmi"]
[SourceDate "2010.11.30"]

1. e4 e5 2. Nf3 Nc6 3. Bb5 g6 4. O-O Bg7 5. Bxc6 dxc6 6. h3 Ne7 7. d3 O-O 8.
Be3 f5 9. Nc3 f4 10. Bc5 b6 11. Bxe7 Qxe7 12. Qe2 c5 13. a4 a5 14. Nd2 g5 15.
Nd5 Qd8 16. f3 Be6 17. Nc3 h5 18. Rf2 Rf6 19. Nf1 Rh6 20. g4 fxg3 21. Nxg3 Bxh3
22. Nd5 h4 23. Nf1 Qd7 24. Nh2 Rf8 25. Ne3 Rhf6 26. Nhg4 Bxg4 27. Nxg4 Rf4 28.
b3 Rxf3 29. Rxf3 Qxg4+ 30. Kf2 Qg3+ 31. Ke3 g4 32. Rxg3 Bh6# 0-1

[Event "12. Open de la Constitución"]
[Site "S. Sebastian de los Reyes ESP"]
[Date "2010.11.30"]
[Round "1.8"]
[White "Cardenas Serrano, Sergio"]
[Black "Al-Zarif, Bassam"]
[Result "1-0"]
[WhiteElo "2124"]
[BlackElo "1712"]
[PlyCount "43"]
[EventDate "2010.11.30"]
[EventType "swiss"]
[EventRounds "9"]
[EventCountry "ESP"]
[Source "lmi"]
[SourceDate "2010.11.30"]

1. d4 d5 2. c4 dxc4 3. Nf3 Nf6 4. e3 e6 5. Bxc4 c5 6. O-O a6 7. a4 b6 8. Qe2
Bb7 9. Rd1 Nbd7 10. Nc3 Qb8 11. e4 cxd4 12. Nxd4 e5 13. Nf5 g6 14. Bxf7+ Kxf7
15. Qc4+ Ke8 16. Qe6+ Kd8 17. Bg5 Kc7 18. Bxf6 Qe8 19. Nb5+ axb5 20. Rac1+ Bc5
21. Qd6+ Kc8 22. Ne7+ 1-0

[Event "12. Open de la Constitución"]
[Site "S. Sebastian de los Reyes ESP"]
[Date "2010.11.30"]
[Round "1.9"]
[White "Peñalba Blasco, Alvaro"]
[Black "Anton Veiga, Juan Carlos"]
[Result "0-1"]
[WhiteElo "1709"]
[BlackElo "2098"]
[PlyCount "58"]
[EventDate "2010.11.30"]
[EventType "swiss"]
[EventRounds "9"]
[EventCountry "ESP"]
[Source "lmi"]
[SourceDate "2010.11.30"]

1. d4 Nf6 2. c4 e6 3. Nf3 b6 4. g3 Ba6 5. Qc2 Be7 6. Bg2 c6 7. O-O O-O 8. Nbd2
d5 9. Ne5 Nfd7 10. Ndf3 Nxe5 11. Nxe5 f6 12. Ng4 Bxc4 13. b3 Ba6 14. Bb2 Bb7
15. Rfc1 Nd7 16. Qd3 Bd6 17. Qe3 Qe7 18. Rc3 h5 19. Nh6+ gxh6 20. Qxh6 Qh7 21.
Qe3 Rae8 22. Bh3 Kf7 23. Qf3 h4 24. Bg4 Rh8 25. Bc1 hxg3 26. h3 f5 27. fxg3 Nf6
28. Bg5 Ne4 29. Rd3 Nxg5 0-1

[Event "12. Open de la Constitución"]
[Site "S. Sebastian de los Reyes ESP"]
[Date "2010.11.30"]
[Round "1.10"]
[White "Alvarez Abejon, Amilcar"]
[Black "Garcia Lopez, Fernando"]
[Result "1-0"]
[WhiteElo "2091"]
[BlackElo "1691"]
[PlyCount "63"]
[EventDate "2010.11.30"]
[EventType "swiss"]
[EventRounds "9"]
[EventCountry "ESP"]
[Source "lmi"]
[SourceDate "2010.11.30"]

1. e4 e5 2. Nf3 Nc6 3. d4 exd4 4. Bc4 Nf6 5. e5 d5 6. Bb5 Ne4 7. Nxd4 Bd7 8.
Bxc6 bxc6 9. O-O Bc5 10. Be3 O-O 11. f3 Bxd4 12. Bxd4 Ng5 13. f4 Ne4 14. Nd2
Nxd2 15. Qxd2 Bf5 16. Rf3 Be4 17. Rg3 Qe7 18. Qf2 Qe6 19. Rf1 Bf5 20. h3 Rfb8
21. Rc3 Rxb2 22. g4 Qg6 23. Rg3 Rxc2 24. gxf5 Qxf5 25. Qe3 Rxa2 26. Rg5 Qc2 27.
Qg3 g6 28. f5 Rb8 29. e6 f6 30. Rxg6+ Kf8 31. Rg8+ Ke7 32. Qxc7# 1-0

[Event "12. Open de la Constitución"]
[Site "S. Sebastian de los Reyes ESP"]
[Date "2010.11.30"]
[Round "1.11"]
[White "Benito Mellado, Humberto"]
[Black "Castejon Caballero, Andres"]
[Result "0-1"]
[WhiteElo "1626"]
[BlackElo "2088"]
[PlyCount "86"]
[EventDate "2010.11.30"]
[EventType "swiss"]
[EventRounds "9"]
[EventCountry "ESP"]
[Source "lmi"]
[SourceDate "2010.11.30"]

1. d4 Nf6 2. c4 g6 3. Nf3 Bg7 4. g3 d5 5. Bg2 O-O 6. O-O dxc4 7. Na3 c3 8. bxc3
c5 9. Nc4 Nc6 10. Nfe5 Be6 11. Nxc6 bxc6 12. Ne5 Bd5 13. Nxc6 Qd6 14. Ne5 Bxg2
15. Kxg2 Nd5 16. Nc4 Qc6 17. f3 cxd4 18. Na5 Qxc3 19. Nb3 Rfd8 20. Rb1 Rac8 21.
Bb2 Ne3+ 22. Kg1 Nxd1 23. Bxc3 Nxc3 24. Rb2 d3 25. exd3 Rxd3 26. Rff2 Nd1 27.
Rbc2 Rcd8 28. Rfe2 Ne3 29. Rc7 Bh6 30. Kf2 a5 31. Nxa5 Nd1+ 32. Kg2 Rd2 33. Kf1
Rxe2 34. Kxe2 Rd2+ 35. Ke1 Nb2 36. f4 Rxh2 37. Kf1 e5 38. Rc8+ Kg7 39. Rb8 exf4
40. gxf4 Bxf4 41. Rb3 Nd1 42. a4 Ne3+ 43. Kg1 Rg2+ 0-1

[Event "12. Open de la Constitución"]
[Site "S. Sebastian de los Reyes ESP"]
[Date "2010.11.30"]
[Round "1.12"]
[White "Ureña Castellanos, Antonio"]
[Black "Rodrigo Yanguas, Maria"]
[Result "0-1"]
[WhiteElo "1614"]
[BlackElo "2070"]
[PlyCount "102"]
[EventDate "2010.11.30"]
[EventType "swiss"]
[EventRounds "9"]
[EventCountry "ESP"]
[Source "lmi"]
[SourceDate "2010.11.30"]

1. Nf3 d5 2. d4 Nc6 3. e3 Nf6 4. c4 Bg4 5. cxd5 Nxd5 6. Be2 e6 7. a3 a5 8. h3
Bh5 9. Qb3 Nb6 10. Nc3 Be7 11. Bd2 O-O 12. O-O Bg6 13. Rac1 Bf6 14. Bb5 Ne7 15.
Na4 Nxa4 16. Bxa4 Be4 17. Qd1 Ng6 18. Bc2 Bc6 19. b4 axb4 20. Bxb4 Be7 21. Bxg6
hxg6 22. Ne5 Bb5 23. Re1 Bd6 24. Nc4 Be7 25. Qc2 Re8 26. Na5 Qd5 27. Red1 Bd8
28. e4 Qg5 29. Nxb7 Ba4 30. Qd2 Bxd1 31. Qxd1 Qf4 32. Nc5 Be7 33. g3 Qh6 34.
Kh2 Rad8 35. Rc2 Bf6 36. Nb3 Rd7 37. Bd2 g5 38. e5 Be7 39. Qg4 Bxa3 40. h4 Be7
41. f4 gxh4 42. Kg2 hxg3 43. Kxg3 Rb8 44. Na5 Rxd4 45. Nc6 Rd3+ 46. Kg2 Re8 47.
Nxe7+ Rxe7 48. Bb4 Red7 49. Ra2 Rd1 50. Qh3 Rg1+ 51. Kh2 Rh1+ 0-1

[Event "12. Open de la Constitución"]
[Site "S. Sebastian de los Reyes ESP"]
[Date "2010.11.30"]
[Round "1.13"]
[White "Esquivias Gomez, Fco. Javier"]
[Black "Rodenas Riesco, Alfonso"]
[Result "1-0"]
[WhiteElo "2015"]
[BlackElo "1605"]
[PlyCount "55"]
[EventDate "2010.11.30"]
[EventType "swiss"]
[EventRounds "9"]
[EventCountry "ESP"]
[Source "lmi"]
[SourceDate "2010.11.30"]

1. e4 c5 2. Nc3 d6 3. f4 Nc6 4. Nf3 Bg4 5. Bb5 Qc7 6. O-O Nf6 7. e5 Nd7 8. Nd5
Qb8 9. Bxc6 bxc6 10. Ne3 Bxf3 11. Qxf3 Qc7 12. d3 dxe5 13. Nc4 f6 14. fxe5 Nxe5
15. Nxe5 fxe5 16. Qf7+ Kd7 17. Be3 Qd6 18. Qc4 e6 19. Rf7+ Ke8 20. Raf1 Be7 21.
Rxg7 Rf8 22. Rxf8+ Bxf8 23. Rxh7 Rb8 24. b3 Rb4 25. Qa6 Rb8 26. Qxa7 e4 27.
Qf7+ Kd8 28. Rh8 1-0

[Event "12. Open de la Constitución"]
[Site "S. Sebastian de los Reyes ESP"]
[Date "2010.11.30"]
[Round "1.14"]
[White "Salgado Duarte, Pablo"]
[Black "Garcia Dorado, Alberto"]
[Result "0-1"]
[WhiteElo "1544"]
[BlackElo "2009"]
[PlyCount "82"]
[EventDate "2010.11.30"]
[EventType "swiss"]
[EventRounds "9"]
[EventCountry "ESP"]
[Source "lmi"]
[SourceDate "2010.11.30"]

1. d4 d5 2. c4 e6 3. Nc3 Nf6 4. Nf3 c6 5. e3 Nbd7 6. cxd5 exd5 7. Bd3 Bd6 8.
O-O O-O 9. Re1 Re8 10. Qc2 h6 11. Bd2 Re7 12. e4 dxe4 13. Nxe4 Nxe4 14. Bxe4
Nf6 15. Bf5 Bxf5 16. Qxf5 Qd7 17. Qxd7 Rxd7 18. Bc3 Nd5 19. Ne5 Rc7 20. Rad1
Rd8 21. g3 Nb4 22. Bxb4 Bxb4 23. Re4 f6 24. Nf3 Rcd7 25. a3 Ba5 26. Kg2 c5 27.
d5 Kf8 28. Nh4 Rxd5 29. Ng6+ Kf7 30. Rxd5 Rxd5 31. Ne7 Rd2 32. Nc8 Rxb2 33.
Nxa7 Bc7 34. Nc8 Be5 35. Kf3 Ke6 36. Re2 Rb3+ 37. Re3 c4 38. Na7 c3 39. Kg2 c2
40. Rxb3 c1=Q 41. Re3 Qc5 0-1

[Event "12. Open de la Constitución"]
[Site "S. Sebastian de los Reyes ESP"]
[Date "2010.11.30"]
[Round "1.15"]
[White "Quintero Torres, Pedro"]
[Black "Martin Rodriguez, Jose L"]
[Result "1-0"]
[WhiteElo "1971"]
[BlackElo "1502"]
[PlyCount "85"]
[EventDate "2010.11.30"]
[EventType "swiss"]
[EventRounds "9"]
[EventCountry "ESP"]
[Source "lmi"]
[SourceDate "2010.11.30"]

1. e4 e6 2. b3 d5 3. Bb2 dxe4 4. Nc3 Nf6 5. Qe2 Be7 6. Nxe4 O-O 7. Nf3 Nxe4 8.
Qxe4 Nd7 9. Bd3 f5 10. Qxe6+ Rf7 11. Bc4 Qf8 12. Qxf7+ Qxf7 13. Bxf7+ Kxf7 14.
Ne5+ Nxe5 15. Bxe5 c6 16. O-O-O Be6 17. Rhe1 Ba3+ 18. Bb2 Bb4 19. g3 Rd8 20.
Bxg7 Bxb3 21. axb3 Kxg7 22. c3 Bf8 23. Re5 Kf6 24. Rde1 Kg5 25. f3 h5 26. Re6
h4 27. Kc2 hxg3 28. hxg3 Bd6 29. f4+ Kg4 30. Rg6+ Kf3 31. Re3+ Kf2 32. Rd3 Bc7
33. Rxd8 Bxd8 34. g4 fxg4 35. Rxg4 Kf3 36. Rg7 Kxf4 37. Rxb7 Bb6 38. Kd3 Ke5
39. Kc4 Bf2 40. d4+ Kd6 41. Rxa7 c5 42. dxc5+ Bxc5 43. Ra6+ 1-0

[Event "12. Open de la Constitución"]
[Site "S. Sebastian de los Reyes ESP"]
[Date "2010.11.30"]
[Round "1.16"]
[White "Muñoz Blazquez, Jose"]
[Black "Alonso Garuti, Luis E"]
[Result "0-1"]
[WhiteElo "1449"]
[BlackElo "1936"]
[PlyCount "36"]
[EventDate "2010.11.30"]
[EventType "swiss"]
[EventRounds "9"]
[EventCountry "ESP"]
[Source "lmi"]
[SourceDate "2010.11.30"]

1. Nf3 Nf6 2. d4 d5 3. c4 c6 4. Nc3 Bf5 5. e3 e6 6. Be2 Nbd7 7. a3 Bd6 8. O-O
Qc7 9. h3 Be7 10. Nh4 Bg6 11. Nxg6 hxg6 12. c5 e5 13. b4 e4 14. f3 Rxh3 15.
gxh3 Qg3+ 16. Kh1 Qxh3+ 17. Kg1 Qg3+ 18. Kh1 O-O-O 0-1

[Event "12. Open de la Constitución"]
[Site "S. Sebastian de los Reyes ESP"]
[Date "2010.11.30"]
[Round "1.17"]
[White "Cavalle Pulla, Daniel"]
[Black "Ojosnegros Martin, Angel"]
[Result "1-0"]
[WhiteElo "1897"]
[BlackElo "1376"]
[PlyCount "81"]
[EventDate "2010.11.30"]
[EventType "swiss"]
[EventRounds "9"]
[EventCountry "ESP"]
[Source "lmi"]
[SourceDate "2010.11.30"]

1. e4 e5 2. Nf3 Nc6 3. Bc4 Bc5 4. c3 Bb6 5. d4 exd4 6. cxd4 Na5 7. Bd3 d5 8.
exd5 Qxd5 9. O-O Nf6 10. Re1+ Be6 11. Nc3 Qd8 12. Bf5 O-O 13. Bxe6 fxe6 14.
Rxe6 Nd5 15. Bg5 Nxc3 16. bxc3 Qd5 17. Re5 Qc6 18. Qd3 Nc4 19. Ree1 Qd5 20. Ne5
Nxe5 21. Rxe5 Qf7 22. Bh4 Rae8 23. Rxe8 Rxe8 24. a4 a5 25. h3 c6 26. Rb1 Bc7
27. Bg3 Bxg3 28. Qxg3 Qd7 29. Qg5 Qc7 30. Qc5 b6 31. Qc4+ Kh8 32. g3 Qd7 33.
Kg2 Qb7 34. Kh2 h6 35. Qd3 Re6 36. Rb2 Re1 37. c4 c5 38. d5 Ra1 39. Re2 Qf7 40.
d6 Qd7 41. Qg6 1-0

[Event "12. Open de la Constitución"]
[Site "S. Sebastian de los Reyes ESP"]
[Date "2010.12.01"]
[Round "2.1"]
[White "Roa Alonso, Santiago"]
[Black "Castejon Caballero, Andres"]
[Result "1-0"]
[WhiteElo "2440"]
[BlackElo "2088"]
[PlyCount "83"]
[EventDate "2010.11.30"]
[EventType "swiss"]
[EventRounds "9"]
[EventCountry "ESP"]
[Source "lmi"]
[SourceDate "2010.11.30"]

1. e4 e5 2. Nf3 Qe7 3. Bc4 h6 4. O-O Nf6 5. d4 d6 6. Nc3 c6 7. a4 g5 8. b3 Qc7
9. Ba3 Bg4 10. Be2 Nbd7 11. h3 Bxf3 12. Bxf3 h5 13. d5 cxd5 14. Nb5 Qb6 15.
exd5 a6 16. Nc3 Rc8 17. Ne4 Rg8 18. Nxf6+ Nxf6 19. Bxh5 Nxh5 20. Qxh5 Rxc2 21.
Qf3 Qc7 22. Rac1 Rxc1 23. Rxc1 Qd7 24. Rc4 Be7 25. Qc3 Bd8 26. Qc2 Rg6 27. g4
Rh6 28. Rc3 Kf8 29. Rf3 Rf6 30. Rxf6 Bxf6 31. Qh7 Ke7 32. Qh6 Qd8 33. h4 gxh4
34. g5 Bh8 35. Qxh4 Bg7 36. Qh7 Qa5 37. Qxg7 Qe1+ 38. Kg2 Qe4+ 39. Kf1 Qd3+ 40.
Kg1 Qd1+ 41. Kh2 Qg4 42. Qxe5+ 1-0

[Event "12. Open de la Constitución"]
[Site "S. Sebastian de los Reyes ESP"]
[Date "2010.12.01"]
[Round "2.2"]
[White "Rodrigo Yanguas, Maria"]
[Black "Hernando Pertierra, Jose Carlos"]
[Result "0-1"]
[WhiteElo "2070"]
[BlackElo "2394"]
[PlyCount "64"]
[EventDate "2010.11.30"]
[EventType "swiss"]
[EventRounds "9"]
[EventCountry "ESP"]
[Source "lmi"]
[SourceDate "2010.11.30"]

1. e4 g6 2. d4 Bg7 3. Nc3 c6 4. Nf3 d6 5. h3 Nd7 6. Be3 b5 7. Bd3 a6 8. O-O Bb7
9. Qd2 e5 10. Rad1 Qe7 11. a4 Ngf6 12. axb5 axb5 13. d5 cxd5 14. Nxb5 O-O 15.
exd5 e4 16. Bf4 exf3 17. Bxd6 Qd8 18. c4 fxg2 19. Kxg2 Nh5 20. Be2 Ndf6 21. Bf3
Re8 22. c5 Ne4 23. Bxe4 Rxe4 24. Rfe1 Qh4 25. Rxe4 Qxe4+ 26. f3 Qf5 27. c6 Bc8
28. Rh1 Be5 29. Nd4 Nf4+ 30. Kf2 Bxd4+ 31. Qxd4 Qc2+ 32. Kg3 Ne2+ 0-1

[Event "12. Open de la Constitución"]
[Site "S. Sebastian de los Reyes ESP"]
[Date "2010.12.01"]
[Round "2.3"]
[White "Longa Yauca, Javier"]
[Black "Castejon Caballero, Natalia"]
[Result "1-0"]
[WhiteElo "2345"]
[BlackElo "2079"]
[PlyCount "65"]
[EventDate "2010.11.30"]
[EventType "swiss"]
[EventRounds "9"]
[EventCountry "ESP"]
[Source "lmi"]
[SourceDate "2010.11.30"]

1. d4 d5 2. c4 c6 3. Nf3 Nf6 4. Nc3 dxc4 5. a4 Bf5 6. Ne5 e6 7. Bg5 Be7 8. e3
Nbd7 9. Nxc4 O-O 10. Be2 c5 11. Nb5 cxd4 12. Nxd4 Bb4+ 13. Kf1 Bg6 14. f3 Qe7
15. e4 e5 16. Nc2 Rad8 17. Nxb4 Qxb4 18. Qd6 Qxd6 19. Nxd6 Nc5 20. Nc4 Rfe8 21.
Be3 b6 22. b4 Nb7 23. a5 b5 24. a6 Nd6 25. Nxd6 Rxd6 26. Bxb5 Rb8 27. Be2 Rd7
28. b5 Ne8 29. Kf2 f5 30. Rhd1 Re7 31. b6 axb6 32. a7 Ra8 33. Bxb6 1-0

[Event "12. Open de la Constitución"]
[Site "S. Sebastian de los Reyes ESP"]
[Date "2010.12.01"]
[Round "2.5"]
[White "Semprun Martinez, Fernando"]
[Black "Esquivias Gomez, Fco. Javier"]
[Result "1/2-1/2"]
[WhiteElo "2216"]
[BlackElo "2015"]
[PlyCount "90"]
[EventDate "2010.11.30"]
[EventType "swiss"]
[EventRounds "9"]
[EventCountry "ESP"]
[Source "lmi"]
[SourceDate "2010.11.30"]

1. e4 e5 2. Nf3 d5 3. exd5 e4 4. Qe2 Nf6 5. d3 Qxd5 6. Nbd2 Nc6 7. dxe4 Qh5 8.
Qb5 Bc5 9. Nb3 Nxe4 10. Nxc5 Qxc5 11. Qxc5 Nxc5 12. Be3 Ne6 13. O-O-O Bd7 14.
Be2 O-O-O 15. Nd2 Ned4 16. Bc4 Be6 17. Bxe6+ Nxe6 18. Ne4 Rxd1+ 19. Rxd1 Rd8
20. Rxd8+ Kxd8 21. f3 f5 22. Ng5 Nxg5 23. Bxg5+ Kd7 24. Bf4 g6 25. Kd2 Nd8 26.
h4 Ne6 27. Ke3 h5 28. Be5 a6 29. c4 b5 30. Kd3 c5 31. Kc3 Kc6 32. Kb3 Nf8 33.
Kc3 Ne6 34. a3 Nf8 35. b3 Ne6 36. cxb5+ axb5 37. a4 Kd5 38. f4 bxa4 39. bxa4 c4
40. Kb4 Nd4 41. Kc3 Nc6 42. Bc7 Kc5 43. Be5 Kd5 44. Bc7 Kc5 45. Be5 Kd5 1/2-1/2

[Event "12. Open de la Constitución"]
[Site "S. Sebastian de los Reyes ESP"]
[Date "2010.12.01"]
[Round "2.6"]
[White "Alvarez Gonzalez, Eduardo"]
[Black "Quevedo Marin, Manuel"]
[Result "0-1"]
[WhiteElo "1885"]
[BlackElo "2183"]
[PlyCount "90"]
[EventDate "2010.11.30"]
[EventType "swiss"]
[EventRounds "9"]
[EventCountry "ESP"]
[Source "lmi"]
[SourceDate "2010.11.30"]

1. d4 d5 2. c4 dxc4 3. Nf3 a6 4. a4 Nf6 5. Nc3 Nc6 6. Bg5 Bf5 7. Bxf6 exf6 8.
e3 Nb4 9. e4 Bg4 10. Rc1 g6 11. d5 Bh6 12. Ra1 b5 13. axb5 axb5 14. Rxa8 Qxa8
15. Nxb5 Qa5 16. Nc3 O-O 17. Bxc4 f5 18. O-O fxe4 19. Nxe4 Bg7 20. b3 Rd8 21.
h3 Bf5 22. Ng3 Bc8 23. Qd2 Qc5 24. Ne4 Qb6 25. Rd1 Bb7 26. Qg5 Re8 27. d6 h6
28. d7 Rf8 29. Qe7 Nc6 30. Qe8 Nd8 31. Bxf7+ Nxf7 32. Qe7 Bxe4 33. Qxe4 Qf6 34.
Qc4 Qd8 35. Qe6 Kh7 36. Rd5 Nd6 37. Ne5 Qg5 38. Nf7 Qc1+ 39. Kh2 Qf4+ 40. Kg1
Qxf7 41. Qxf7 Nxf7 42. Rc5 Be5 43. g3 Bd6 44. Rc3 Ne5 45. f4 Nxd7 0-1

[Event "12. Open de la Constitución"]
[Site "S. Sebastian de los Reyes ESP"]
[Date "2010.12.01"]
[Round "2.7"]
[White "Barez Menendez, Hector"]
[Black "Molina Garcia, Francisco J"]
[Result "1-0"]
[WhiteElo "2168"]
[BlackElo "1851"]
[PlyCount "45"]
[EventDate "2010.11.30"]
[EventType "swiss"]
[EventRounds "9"]
[EventCountry "ESP"]
[Source "lmi"]
[SourceDate "2010.11.30"]

1. Nf3 Nf6 2. c4 g6 3. g3 Bg7 4. Bg2 O-O 5. O-O d6 6. d4 Nbd7 7. Nc3 e5 8. e4
exd4 9. Nxd4 Re8 10. h3 a6 11. Be3 Rb8 12. b3 c5 13. Nde2 Ne5 14. f4 Ned7 15.
Qxd6 b5 16. e5 b4 17. Na4 Qa5 18. Qd2 Nb6 19. Nxc5 Nfd7 20. Ne4 Bf8 21. Kh2 Bb7
22. Bxb6 Nxb6 23. Nf6+ 1-0